000 00817nam a22002537a 4500
999 _c346826
_d346826
001 61085
003 UA-OsUOA
005 20200811221046.0
007 ta
008 20090616b un ||||| |||| 00| 0 ukr d
020 _a9663463031
040 _aUA-OsUOA
_bukr
_cUA-OsUOA
_dUA-OsUOA
041 _aukr
080 _a657.6(075.8)
090 _a657.6(075.8)
_bЛ68
100 _aЛобозинська С. М.
245 _aОблік і аудит у банку
_bнавч. посіб.
_cза ред. проф. С. К. Реверчука
260 _aК.
_bЗнання
_c2007
300 _a630 с.
650 7 _a657 Бухгалтерія. Бухгалтерський облік. Рахівництво
_2UDC
942 _cBK
_2udc
955 _a2